Personnages de bandes dessinées en images - Statistiques

Statistiques générales
  • Ce quiz a été pris 119 fois
  • Le résultat moyen est 11 sur 19
Statistiques - réponses
Par images Réponse % Correct
Gaston Lagaffe
97%
Boule
92%
Cédric
86%
Nadia
85%
Rantanplan
84%
Kid Paddle
80%
Leonard
72%
Lou
65%
Schtroumpf farceur
64%
Nestor
62%
Ordralfabetix
47%
Corto Maltese
41%
Spip
40%
Achille Talon
38%
Charlie Brown
32%
Lanfeust
32%
Superdupont
32%
Hercule
28%
Olrik
21%
Aucun quiz correspondant
Distribution des résultats
% des personnes avec chaque résultat
Percentile par nombre de réponses
Votre historique - résultats
Vous n’avez pas pris ce quiz